书目信息 |
| 题名: |
大众维权600问
|
|
| 作者: | 宋才发 , 刘玉民 主编 ;于海侠 撰稿 | |
| 分册: | 民事卷 | |
| 出版信息: | 北京 中国发展出版社 2006 |
|
| 页数: | 12,269页 | |
| 开本: | 24cm | |
| 丛书名: | ||
| 单 册: | ||
| 中图分类: | D920.5 , D923.04 | |
| 科图分类: | ||
| 主题词: | 法律--基本知识--中国 , 民法--基本知识--中国 , 法律 , 民法 | |
| 电子资源: | ||
| ISBN: | 7-80087-927-5 | |
| 000 | 00967nam0 2200289 450 | |
| 001 | 1257193430 | |
| 005 | 20121003155356.17 | |
| 010 | @a7-80087-927-5@dCNY26.00 | |
| 100 | @a20060618d2006 em y0chiy50 ea | |
| 101 | 0 | @achi |
| 102 | @aCN@b110000 | |
| 105 | @ay z 000yy | |
| 200 | 1 | @a大众维权600问@Ada zhong wei quan 600 wen@i民事卷@f宋才发, 刘玉民主编@g于海侠[等]撰稿 |
| 210 | @a北京@c中国发展出版社@d2006 | |
| 215 | @a12,269页@d24cm | |
| 330 | @a本书内容包括:婚姻家庭权益维护、人身损害权益维护、医疗事故权益维护、房产物业权益维护、劳动争议权益维护、生活消费权益维护和怎样打民事官司等。 | |
| 606 | 0 | @a法律@x基本知识@y中国 |
| 606 | 0 | @a民法@x基本知识@y中国 |
| 606 | 0 | @a法律 |
| 606 | 0 | @a民法 |
| 690 | @aD920.5@v4 | |
| 690 | @aD923.04@v4 | |
| 701 | 0 | @a宋才发@Asong cai fa@f(1953.5~)@4主编 |
| 701 | 0 | @a刘玉民@Aliu yu min@f(1974.10~)@4主编 |
| 702 | 0 | @a于海侠@Ayu hai xia@4撰稿 |
| 801 | 0 | @aCN@bNLC@c20101222 |
| 905 | @a10447@dD920.5@eJY77 | |
| 大众维权600问.民事卷/宋才发, 刘玉民主编/于海侠[等]撰稿.-北京:中国发展出版社,2006 |
| 12,269页;24cm |
| ISBN 7-80087-927-5:CNY26.00 |
| 本书内容包括:婚姻家庭权益维护、人身损害权益维护、医疗事故权益维护、房产物业权益维护、劳动争议权益维护、生活消费权益维护和怎样打民事官司等。 |
| ● |
| 相关链接 |
|
|
|
|
正题名:大众维权600问
索取号:D920.5/JY77
 
预约/预借
| 序号 | 登录号 | 条形码 | 馆藏地/架位号 | 状态 | 备注 |
| 1 | 7813042 | 278130425 | 学院路分馆/ [索取号:D920.5/JY77] | 在馆 | |
| 2 | 7813043 | 278130434 | 学院路分馆/ [索取号:D920.5/JY77] | 在馆 |